000 00293nam a22001337a 4500
008 190225b xxu||||| |||| 00| 0 eng d
020 _a0618833986
041 _aeng
080 _26th
_a371
100 _a25
101 _aEDU
245 _aThe Confident Student
_cKanar, C.C
942 _2udc
_cBK
999 _c54213
_d54213